Comunidad Valenciana por imagen - Estadísticas

Estadísticas generales
  • Esta prueba ha sido intentada 363 veces
  • La puntuación promedio es 11 de 18
Estadísticas de respuestas
Imagen Hint Respuesta % Correcto
(bebida) Horchata
96%
(empresa) Mercadona
96%
(plato) Paella
95%
(ciudad) Benidorm
94%
(fiesta) Fallas de Valencia
91%
(fiesta) La Tomatina
91%
(equipo) Levante U. D.
87%
(ciudad) Elche
66%
(emisora de radio) À Punt FM
65%
(objeto) Santo Cáliz
52%
(figura histórica) Rodrigo Díaz
51%
(tipo de edificio) Barraca
45%
(escultura) Leones del {Congreso de los Diputados}
44%
(edificio) LHemisfèric
32%
(escritor) Vicente Blasco Ibáñez
25%
(castillo) Castillo de Santa Bárbara
21%
(paseo) Explanada de España
14%
(guionista) Luis García Berlanga
14%
No se encontraron pruebas coincidentes
Distribución de puntuación
Porcentaje de gente con cada puntuación
Porcentaje por número respondido
Historial de tus puntuaciones
No has intentado esta prueba.